Bharat,s dishonour of cheques : (Record no. 134835)

MARC details
000 -LEADER
fixed length control field 00729nam a22002417a 4500
005 - DATE AND TIME OF LATEST TRANSACTION
control field 20170124110235.0
010 ## - LIBRARY OF CONGRESS CONTROL NUMBER
LC control number A-998089
020 ## - INTERNATIONAL STANDARD BOOK NUMBER
Terms of availability 400.00
035 ## - SYSTEM CONTROL NUMBER
System control number A-998089
037 ## - SOURCE OF ACQUISITION
Source of stock number/acquisition Cen Lib/Ret
040 ## - CATALOGING SOURCE
Original cataloging agency DPL
Language of cataloging EN
082 ## - DEWEY DECIMAL CLASSIFICATION NUMBER
Classification number 346.096
Item number GUP
100 ## - MAIN ENTRY--PERSONAL NAME
Personal name Gupta, Rajesh
9 (RLIN) 41902
245 ## - TITLE STATEMENT
Title Bharat,s dishonour of cheques :
Statement of responsibility, etc by Rajesh Gupta [and] Gunjan Gupta
Remainder of title law & practice /
260 ## - PUBLICATION, DISTRIBUTION, ETC. (IMPRINT)
Place of publication, distribution, etc New Delhi
Name of publisher, distributor, etc Bharat Law House
Date of publication, distribution, etc 2000
270 ## - ADDRESS
Address 222, Tarun Enclave Pitampura
City New Delhi
Postal code 110034
300 ## - PHYSICAL DESCRIPTION
Extent 512p.
Dimensions 24cm(Hb)
500 ## - GENERAL NOTE
General note Includes index
650 ## - SUBJECT ADDED ENTRY--TOPICAL TERM
Topical term or geographic name as entry element Check fraud
Geographic subdivision India
9 (RLIN) 41903
650 ## - SUBJECT ADDED ENTRY--TOPICAL TERM
Topical term or geographic name as entry element Checks
9 (RLIN) 41904
700 ## - ADDED ENTRY--PERSONAL NAME
Personal name Gupta, Gunjan
9 (RLIN) 84877
942 ## - ADDED ENTRY ELEMENTS (KOHA)
Source of classification or shelving scheme Dewey Decimal Classification
Koha item type English Books
Classification part 346.096
Call number suffix GUP
Holdings
Withdrawn status Lost status Damaged status Not for loan Collection code Home library Current library Date acquired Source of acquisition Cost, normal purchase price Total Checkouts Full call number Barcode Date last seen Copy number Cost, replacement price Price effective from Koha item type
      Not For Loan Reference Central Library Central Library 31/07/2015 Cen Lib/Ret 400.00   346.096 GUP A-998089 31/07/2015 1 400.00 31/07/2015 English Books

© Delhi Public Library
Hit Counter
free hit counter